Educar las emociones y los sentimientos: introducción práctica al complejo mundo de los sentimientos

Furkejuvvon:
Bibliográfalaš dieđut
Váldodahkkit: Segura Morales, Manuel (Dahkki), Arcas Cuenca, Margarita (Dahkki)
Materiálatiipa: Girji
Giella:espánnjágiella
Almmustuhtton: Madrid Narcea 2003
Ráidu:Educación Hoy
Fáttát:
Fáddágilkorat: Lasit fáddágilkoriid
Eai fáddágilkorat, Lasit vuosttaš fáddágilkora!

MARC

LEADER 00000nam a2200000 a 4500
001 UCK0272
003 CL-VaPUC
008 040924e20030000SP |||||||||||||||||spa|d
020 |a 8427714173 
082 0 4 |a 152.4  |b SEG  |2 21 
100 0 |a Segura Morales, Manuel  |e author  |9 488193 
700 0 |a Arcas Cuenca, Margarita  |e author  |9 488194 
245 1 0 |a Educar las emociones y los sentimientos: introducción práctica al complejo mundo de los sentimientos 
300 |a 100 p 
942 |c BK 
945 |d 20040924 00:00:00  |a cmena 
260 |a Madrid  |b Narcea  |c 2003 
650 0 |a Emociones   |9 265224 
650 0 |a Sentimientos   |9 334266 
650 0 |a Psicología del desarrollo  |9 307541 
650 0 |a Desarrollo individual   |9 307875 
583 |a last modification  |c 20040924 00:00:00  |k Rodrigo Vera 
490 0 |a Educación Hoy 
999 |c 310758  |d 310756 
952 |0 0  |1 0  |4 0  |6 152_400000000000000_SEG_2003  |7 0  |8 A  |9 379727  |a BIBEDU  |b BIBEDU  |d 2019-11-21  |i 4066138  |l 1  |o 152.4 SEG 2003  |p 4066138  |r 2022-08-18  |s 2022-08-08  |w 2019-11-21  |y BK  |k PAR